La ciencia del Arte: la óptica en el arte occidental de Brunelleschi a Seurat
Salvato in:
| Autore principale: | |
|---|---|
| Natura: | Libro |
| Lingua: | spagnolo |
| Pubblicazione: |
Madrid
Ediciones Akal S. A
2000
|
| Serie: | Arte y Estética, 53
|
| Soggetti: | |
| Tags: |
Aggiungi Tag
Nessun Tag, puoi essere il primo ad aggiungerne!!
|
MARC
| LEADER | 00000cam a2200000 a 4500 | ||
|---|---|---|---|
| 001 | UCF9588 | ||
| 003 | CL-VaPUC | ||
| 005 | 20250127104124.0 | ||
| 008 | 131129e20000000sp |||||||||||||||||spa|d | ||
| 999 | |c 354031 |d 354029 | ||
| 020 | |a 8446008661 | ||
| 040 | |c Pontificia Universidad Católica de Valparaíso | ||
| 082 | 0 | 4 | |a 701.8 |b KEM |2 21 |
| 100 | |a Kemp, Martin |e author |9 583505 | ||
| 245 | 1 | 3 | |a La ciencia del Arte: la óptica en el arte occidental de Brunelleschi a Seurat |
| 260 | |a Madrid |b Ediciones Akal S. A |c 2000 | ||
| 300 | |a 381 p | ||
| 490 | 0 | |a Arte y Estética, 53 | |
| 583 | |a last modification |c 20131129 12:34:00 |k Rodrigo Vera | ||
| 650 | 0 | |a Teoría del arte |9 387638 | |
| 650 | 0 | |a Estética |9 264950 | |
| 650 | 0 | |a Pintura técnica |9 309344 | |
| 650 | 0 | |a Perspectiva |9 265202 | |
| 650 | 0 | |a Composición (Arte) |9 315521 | |
| 650 | 0 | |a Color en arte |9 265508 | |
| 942 | |c BK |2 ddc | ||
| 945 | |d 20131129 12:34:00 |a dcastane | ||
| 952 | |0 0 |1 0 |3 erd |4 0 |6 701_800000000000000_KEM_2000 |7 0 |8 A |9 459662 |a BIBART |b BIBART |i 502899K |l 1 |m 2 |o 701.8 KEM 2000 |p 502899K |q 2025-05-15 |r 2025-04-25 |s 2025-04-25 |w 2019-11-23 |y BK |z Catalogado en:20131129 |k ART | ||